| 000 | 00541cam a22002051 4500 | ||
|---|---|---|---|
| 001 | med47000399 | ||
| 003 | DLC | ||
| 005 | 20260227111559.0 | ||
| 008 | 810815s1946 xx a 000 0 eng | ||
| 010 | _amed47000399 | ||
| 035 | _a(OCoLC)14731089 | ||
| 040 |
_aDLC _cDNLM _dDLC |
||
| 042 | _apremarc | ||
| 050 | 0 | 0 |
_aRZ241 _b.D393 1946 |
| 060 | 0 |
_aWB 905 _bD326s 1946 |
|
| 100 | 1 |
_aDe Jarnette, Bertrand, _d1899-1992. |
|
| 245 | 1 | 0 | _aSacro-occipital technic, 1946 ... |
| 260 |
_aNebraska City, Nebr., _cc1946. |
||
| 300 |
_ax, 98 p. _bill. |
||
| 999 |
_c38058 _d38058 |
||